00595nam a2200193Ia 450000500170000000800410001702000150005808200130007310000150008624500820010126000520018330000160023565000100025165000110026165000130027294200060028595200950029199900150038620241029032548.0240331s9999 xx 000 0 und d a0140156712 bBUMa823 aBumiller,E 0aMay You be the Mother of a Hundred Sons :bA journey among the Women of India aNew DelhibPenguin Books India ( Pvt0 Ltdc1991 ax, 306 p ., aWomen aSexual aReligion cL 001040708LaWERCLbWERCLcSSCd2024-03-31l0o 823 BUMp6643r2024-03-31w2024-03-31yL c5704d5704